أساسيات علم وظائف الأعضاء / (رقم التسجيلة. 22438)
[ عرض عادي ]
| 000 -LEADER | |
|---|---|
| fixed length control field | 00499nam a22001697a 4500 |
| 005 - DATE AND TIME OF LATEST TRANSACTION | |
| control field | 20251108165222.0 |
| 008 - FIXED-LENGTH DATA ELEMENTS--GENERAL INFORMATION | |
| fixed length control field | 250721s1990 xx 000 0 ara d |
| 082 14 - DEWEY DECIMAL CLASSIFICATION NUMBER | |
| Classification number | 612/أسا |
| 100 1# - MAIN ENTRY--PERSONAL NAME | |
| Personal name | الشاعر، عبد المجيد |
| 245 10 - TITLE STATEMENT | |
| Title | أساسيات علم وظائف الأعضاء / |
| 250 ## - EDITION STATEMENT | |
| Edition statement | ط2 |
| 264 1# - PRODUCTION, PUBLICATION, DISTRIBUTION, MANUFACTURE, AND COPYRIGHT NOTICE | |
| Place of production, publication, distribution, manufacture | عمان : |
| Name of producer, publisher, distributor, manufacturer | دار المستقبل للنشر و التوزيع، |
| Date of production, publication, distribution, manufacture, or copyright notice | 1990. |
| 300 ## - PHYSICAL DESCRIPTION | |
| Extent | 391ص |
| 650 17 - SUBJECT ADDED ENTRY--TOPICAL TERM | |
| Topical term or geographic name as entry element | الفسيولوجيا |
| 942 ## - ADDED ENTRY ELEMENTS (KOHA) | |
| Source of classification or shelving scheme | Dewey Decimal Classification |
| Koha item type | كتب |
| حالة السحب | حالة الفقدان | مصدر التصنيف | حالة التلف | غير قابل للإعارة | المكتبة الرئيسية | المكتبة الحالية | موقع الرف | تاريخ التزويد | الرقم المتسلسل | Total Checkouts | رقم الإستدعاء | تاريخ آخر ظهور | تاريخ الفاتورة | نوع المادة (كوها) | الباركود |
|---|---|---|---|---|---|---|---|---|---|---|---|---|---|---|---|
| Dewey Decimal Classification | المكتبة المركزية | المكتبة المركزية | الإعارة | 02/12/2014 | 1586647 | 612/أسا | 28/07/2025 | 02/12/2014 | كتب | PLD00311413 | |||||
| Dewey Decimal Classification | مكتبة الأميرة سلمى | مكتبة الأميرة سلمى | الإعارة | 10/06/2015 | 1465797 | 612/أسا | 28/07/2025 | 10/06/2015 | كتب | PLD00330366 | |||||
| Dewey Decimal Classification | مكتبة النصر العامة | مكتبة النصر العامة | الإعارة | 16/04/2015 | [ 5490 ] | 612/أسا | 28/07/2025 | 16/04/2015 | كتب | PLD00383984 | |||||
| Dewey Decimal Classification | Unchecked | مكتبة صويلح العامة | مكتبة صويلح العامة | الإعارة | 06/07/2004 | 6989 | 612/أسا | 28/07/2025 | 06/07/2004 | كتب |